[Event "ROM-chT Blitz"]
[Site "Sebes"]
[Date "2022.12.04"]
[Round "1.12"]
[White "Talu, Mircea"]
[Black "Carac, Radu Ionut"]
[Result "1-0"]
[WhiteElo "2327"]
[BlackElo "1569"]
[PlyCount "43"]
[EventDate "2022.12.04"]
[EventType "team-swiss (blitz)"]
[EventRounds "8"]
[EventCountry "ROU"]
[SourceTitle "CBM 211 Extra"]
[Source "ChessBase"]
[SourceDate "2023.01.31"]
[SourceVersion "1"]
[SourceVersionDate "2023.01.31"]
[SourceQuality "1"]
[WhiteTeam "Arad Vados"]
[BlackTeam "Medgidia"]
[WhiteTeamCountry "ROU"]
[BlackTeamCountry "ROU"]

1. Nf3 d5 2. b3 Nf6 3. Bb2 e6 4. e3 c5 5. c4 Nc6 6. cxd5 exd5 7. Bb5 a6 8. Bxc6+ bxc6 9. 0-0 Be7 10. h3 0-0 11. Nc3 Bf5 12. Rc1 Bd3 13. Re1 Rc8 14. Ne5 Bf5 15. Na4 Qa5 16. d4 Ne4 17. f3 Nd6 18. Rxc5 Nb5 19. Nxc6 Qc7 20. Nxe7+ Qxe7 21. Rxd5 Rc2 22. Rxf5 1-0

[Event "Sebes Romanian Rapid op"]
[Site "Sebes"]
[Date "2022.12.02"]
[Round "3"]
[White "Dobre, Ana Margareta Alexa"]
[Black "Talu, Mircea"]
[Result "0-1"]
[WhiteElo "1857"]
[BlackElo "2327"]
[PlyCount "58"]
[EventDate "2022.12.02"]
[EventType "swiss (rapid)"]
[EventRounds "8"]
[EventCountry "ROU"]
[SourceTitle "CBM 211 Extra"]
[Source "ChessBase"]
[SourceDate "2023.01.31"]
[SourceVersion "1"]
[SourceVersionDate "2023.01.31"]
[SourceQuality "1"]

1. e4 c5 2. Nc3 Nc6 3. Bb5 d6 4. f4 Bd7 5. Nf3 g6 6. 0-0 Bg7 7. d3 a6 8. Bc4 b5 9. Bb3 Na5 10. Bd5 Rb8 11. f5 Nf6 12. fxg6 hxg6 13. Ng5 e6 14. Bb3 c4 15. dxc4 Qb6+ 16. Kh1 bxc4 17. Ba4 Bxa4 18. Nxa4 Qc6 19. Nc3 Rh5 20. Qf3 Nb7 21. Ne2 Nc5 22. Nd4 Qb7 23. c3 Ncxe4 24. Ngxe6 fxe6 25. Nxe6 Kf7 26. Nd4 Rbh8 27. Bf4 Qd7 28. Rae1 d5 29. Be5 Rxe5 0-1

[Event "ROM-chT"]
[Site "Oradea"]
[Date "2022.09.28"]
[Round "8.2"]
[White "Talu, Mircea"]
[Black "Gulie, Cosmin"]
[Result "1-0"]
[WhiteElo "2331"]
[BlackElo "1973"]
[PlyCount "125"]
[EventDate "2022.09.21"]
[EventType "team-tourn"]
[EventRounds "9"]
[EventCountry "ROU"]
[SourceTitle "EXT 2024"]
[Source "ChessBase"]
[SourceDate "2023.10.10"]
[SourceVersion "1"]
[SourceVersionDate "2023.10.10"]
[SourceQuality "1"]
[WhiteTeam "Arad Vados"]
[BlackTeam "Targoviste"]
[WhiteTeamCountry "ROU"]
[BlackTeamCountry "ROU"]

1. e4 c5 2. Nf3 g6 3. d4 cxd4 4. Nxd4 Bg7 5. Be3 Nc6 6. Nc3 Nf6 7. Bc4 0-0 8. Bb3 Ng4 9. Qxg4 Nxd4 10. Qd1 Nxb3 11. axb3 Bxc3+ 12. bxc3 Qc7 13. c4 b6 14. Bh6 Re8 15. Qd4 e5 16. Qd2 Qc6 17. f3 Re6 18. h4 Qd6 19. g4 Qxd2+ 20. Kxd2 Bb7 21. Ke2 f6 22. Rhd1 Bc6 23. Be3 Ree8 24. Kf2 Reb8 25. b4 a6 26. Rd6 Kg7 27. g5 fxg5 28. hxg5 b5 29. c5 Rf8 30. Ke2 Rf7 31. Bd2 Kg8 32. Bc3 Re7 33. Kf2 Rf8 34. Kg3 Ra8 35. Kg4 Kf7 36. Kg3 Kg8 37. Rf6 Ree8 38. Kg4 Re7 39. Ra3 Ree8 40. Ra1 Re7 41. Rd1 Rf8 42. Rdd6 Rxf6 43. gxf6 Re8 44. Kg5 Kf7 45. Kh6 Kg8 46. Bd2 Ra8 47. Be1 Kf7 48. Kxh7 g5 49. Kh6 Rg8 50. Kh5 Rg6 51. Kg4 Rxf6 52. Rd3 Rf4+ 53. Kxg5 Ke6 54. Bg3 Rf8 55. Rd6+ Ke7 56. Bh4 Rf4 57. Kh5+ Kf7 58. Rd3 Ke8 59. Bg3 Bxe4 60. Bxf4 Bxd3 61. cxd3 exf4 62. Kg4 a5 63. bxa5 1-0

[Event "ROM-chT"]
[Site "Oradea"]
[Date "2022.09.24"]
[Round "4.2"]
[White "Danilov, Vladimir"]
[Black "Talu, Mircea"]
[Result "1-0"]
[WhiteElo "2378"]
[BlackElo "2331"]
[PlyCount "87"]
[EventDate "2022.09.21"]
[EventType "team-tourn"]
[EventRounds "9"]
[EventCountry "ROU"]
[SourceTitle "EXT 2024"]
[Source "ChessBase"]
[SourceDate "2023.10.10"]
[SourceVersion "1"]
[SourceVersionDate "2023.10.10"]
[SourceQuality "1"]
[WhiteTeam "Iasi Politehnica"]
[BlackTeam "Arad Vados"]
[WhiteTeamCountry "ROU"]
[BlackTeamCountry "ROU"]

1. Nf3 c5 2. c4 g6 3. Nc3 Bg7 4. e3 Nf6 5. Be2 0-0 6. 0-0 b6 7. d4 cxd4 8. Nxd4 Bb7 9. Bf3 Nc6 10. b3 Qb8 11. Bb2 Ne5 12. Bxb7 Qxb7 13. Nde2 a6 14. a4 Rfd8 15. Nf4 e6 16. Ra2 Rac8 17. Ba1 Nc6 18. Rd2 Na5 19. Qb1 Rc7 20. Rfd1 Rdc8 21. Nfe2 Ne8 22. Rd3 d6 23. f3 Qb8 24. Ne4 Bxa1 25. Qxa1 Nb7 26. Nf6+ Nxf6 27. Qxf6 Re8 28. Ng3 h6 29. Ne4 Rc6 30. Qf4 Kg7 31. Nxd6 Nxd6 32. Rxd6 Rc5 33. b4 Rcc8 34. Qd4+ e5 35. Qd5 Re7 36. c5 bxc5 37. bxc5 Qb4 38. c6 Qxa4 39. Rd7 Qa3 40. e4 a5 41. h3 Kh7 42. Kh2 Qb4 43. Rb1 Qa3 44. Rb3 1-0

[Event "Titled Tuesday intern op 06th Sep Early"]
[Site "Chess.com INT"]
[Date "2022.09.06"]
[Round "7"]
[White "Bacrot, Etienne"]
[Black "Talu, Mircea"]
[Result "1-0"]
[WhiteElo "2647"]
[BlackElo "2331"]
[PlyCount "103"]
[EventDate "2022.09.06"]
[EventType "swiss (blitz)"]
[EventRounds "11"]
[EventCountry "USA"]
[SourceTitle "EXT 2023"]
[Source "ChessBase"]
[SourceDate "2022.10.05"]
[SourceVersion "1"]
[SourceVersionDate "2022.10.05"]
[SourceQuality "1"]

1. e4 c5 2. Nf3 Nc6 3. c3 Nf6 4. e5 Nd5 5. Bc4 Nb6 6. Bb3 d6 7. exd6 Qxd6 8. 0-0 e6 9. d4 cxd4 10. cxd4 Be7 11. Nc3 0-0 12. Qd3 Nb4 13. Qe4 f5 14. Qe2 Bf6 15. Re1 N4d5 16. Bd2 Bd7 17. a4 Nxc3 18. bxc3 Rfe8 19. c4 Bxd4 20. Rad1 Bf6 21. a5 Qa3 22. Qe3 Na4 23. Bc1 Qe7 24. Ne5 Bxe5 25. Qxe5 Rad8 26. Be3 b6 27. h4 Nc5 28. Bg5 Qf7 29. Bxd8 Rxd8 30. Bc2 Qf8 31. axb6 axb6 32. Qc7 Rc8 33. Qxb6 Ba4 34. Bxa4 Nxa4 35. Qxe6+ Kh8 36. Rd4 Nc5 37. Qd5 Ne4 38. Red1 h6 39. Qe6 Re8 40. Qxe8 Qxe8 41. Rd8 Qxd8 42. Rxd8+ Kh7 43. Rc8 Kg6 44. c5 Kf6 45. c6 Ke6 46. Rg8 g5 47. c7 Nd6 48. c8Q+ Nxc8 49. Rxc8 gxh4 50. Rh8 Kf6 51. Rxh6+ Kg5 52. Rh8 1-0

[Event "Titled Tuesday intern op 06th Sep Early"]
[Site "Chess.com INT"]
[Date "2022.09.06"]
[Round "6"]
[White "Devaev, Alexander"]
[Black "Talu, Mircea"]
[Result "0-1"]
[WhiteElo "2325"]
[BlackElo "2331"]
[PlyCount "120"]
[EventDate "2022.09.06"]
[EventType "swiss (blitz)"]
[EventRounds "11"]
[EventCountry "USA"]
[SourceTitle "EXT 2023"]
[Source "ChessBase"]
[SourceDate "2022.10.05"]
[SourceVersion "1"]
[SourceVersionDate "2022.10.05"]
[SourceQuality "1"]

1. d4 Nf6 2. c4 e6 3. Nf3 Bb4+ 4. Bd2 a5 5. Qc2 d5 6. g3 0-0 7. Bg2 Nc6 8. 0-0 dxc4 9. Qxc4 Bd7 10. Nc3 Re8 11. Rfd1 Rc8 12. Rac1 Qe7 13. Bg5 Bxc3 14. bxc3 h6 15. Bd2 Red8 16. Qb3 b6 17. c4 e5 18. d5 Nd4 19. Nxd4 exd4 20. Qd3 c5 21. e3 dxe3 22. Bxe3 Ng4 23. Bd2 Qf6 24. f4 Re8 25. h3 Bf5 26. Qc3 Qxc3 27. Rxc3 Nf6 28. Re1 Rxe1+ 29. Bxe1 Re8 30. Rc1 Be4 31. Bf1 g5 32. Bc3 Nh5 33. fxg5 hxg5 34. Kf2 f5 35. Be2 Ng7 36. h4 g4 37. Bd1 Nh5 38. Ba4 Rd8 39. Be5 Rc8 40. Rc3 Kf7 41. Rb3 Bc2 42. Ra3 Bxa4 43. Rxa4 Re8 44. Bc7 f4 45. gxf4 g3+ 46. Kf3 Kg6 47. Ra3 Kf5 48. Rb3 Re4 49. Rxb6 Rxc4 50. Rb3 Rc1 51. Kg2 Rc2+ 52. Kf1 Rf2+ 53. Kg1 Rxa2 54. d6 Rd2 55. Rb5 Kg4 56. Rxc5 Kh3 57. Kf1 g2+ 58. Ke1 g1Q+ 59. Kxd2 Qxc5 60. Kd3 Qd5+ 0-1

[Event "Titled Tuesday intern op 06th Sep Early"]
[Site "Chess.com INT"]
[Date "2022.09.06"]
[Round "1"]
[White "Talu, Mircea"]
[Black "Antonio, Jorge Carlos"]
[Result "1-0"]
[WhiteElo "2331"]
[BlackElo "2277"]
[PlyCount "25"]
[EventDate "2022.09.06"]
[EventType "swiss (blitz)"]
[EventRounds "11"]
[EventCountry "USA"]
[SourceTitle "EXT 2023"]
[Source "ChessBase"]
[SourceDate "2022.10.05"]
[SourceVersion "1"]
[SourceVersionDate "2022.10.05"]
[SourceQuality "1"]

1. d4 d5 2. c4 c6 3. Nf3 Nf6 4. Nc3 Bf5 5. cxd5 cxd5 6. Qb3 b6 7. Bg5 e6 8. e4 dxe4 9. Bb5+ Nbd7 10. Ne5 Bd6 11. Nxd7 Qxd7 12. Bxf6 gxf6 13. Bxd7+ 1-0

[Event "Titled Tuesday intern op 06th Sep Early"]
[Site "Chess.com INT"]
[Date "2022.09.06"]
[Round "4"]
[White "Yoo, Christopher Woojin"]
[Black "Talu, Mircea"]
[Result "1-0"]
[WhiteElo "2563"]
[BlackElo "2331"]
[PlyCount "63"]
[EventDate "2022.09.06"]
[EventType "swiss (blitz)"]
[EventRounds "11"]
[EventCountry "USA"]
[SourceTitle "EXT 2023"]
[Source "ChessBase"]
[SourceDate "2022.10.05"]
[SourceVersion "1"]
[SourceVersionDate "2022.10.05"]
[SourceQuality "1"]

1. e4 c5 2. Nf3 Nc6 3. c3 Nf6 4. e5 Nd5 5. Bc4 Nb6 6. Bb3 d6 7. exd6 Qxd6 8. 0-0 e6 9. d4 cxd4 10. cxd4 Be7 11. Nc3 0-0 12. Be3 Nb4 13. Rc1 N6d5 14. Ne4 Qd8 15. Ne5 f6 16. Nd3 Nxd3 17. Qxd3 b6 18. Nc3 Bb7 19. Qe4 Qd7 20. Nxd5 Bxd5 21. Bxd5 exd5 22. Qf3 Rfc8 23. Rfe1 Bb4 24. Red1 Bf8 25. h4 g6 26. Qxf6 Qe7 27. Qf3 Qe4 28. Qxe4 dxe4 29. d5 Bd6 30. Rc6 Be5 31. Re6 Bxb2 32. d6 1-0

[Event "Titled Tuesday intern op 30th Aug Late"]
[Site "Chess.com INT"]
[Date "2022.08.30"]
[Round "11"]
[White "Ansh, M Shah"]
[Black "Talu, Mircea"]
[Result "1-0"]
[WhiteElo "2177"]
[BlackElo "2343"]
[PlyCount "195"]
[EventDate "2022.08.30"]
[EventType "swiss (blitz)"]
[EventRounds "11"]
[EventCountry "USA"]
[SourceTitle "EXT 2023"]
[Source "ChessBase"]
[SourceDate "2022.10.05"]
[SourceVersion "1"]
[SourceVersionDate "2022.10.05"]
[SourceQuality "1"]

1. d4 Nf6 2. c4 e6 3. g3 Bb4+ 4. Nd2 0-0 5. Bg2 d5 6. Ngf3 dxc4 7. 0-0 Bxd2 8. Bxd2 Nbd7 9. Qc2 Nb6 10. a4 a5 11. e3 Nfd5 12. Ne5 Nb4 13. Qc3 N4d5 14. Qc1 Bd7 15. Nxc4 Nxc4 16. Qxc4 Bc6 17. e4 Nb6 18. Qc2 Qxd4 19. Bc3 Qc5 20. b3 Rfd8 21. Qb2 f6 22. Bh3 e5 23. Bg2 Rd3 24. Rac1 Rad8 25. Rfe1 Nc8 26. Bf1 R3d7 27. Bh3 Re7 28. b4 Qb6 29. Qa2+ Kh8 30. bxa5 Qa7 31. Bb4 Nd6 32. Rcd1 Qb8 33. f3 Bd7 34. Bf1 Be6 35. Qa3 Red7 36. Rd2 h6 37. Red1 Nc8 38. Rxd7 Rxd7 39. Rxd7 Bxd7 40. Bb5 c6 41. Bc4 Qc7 42. Qd3 Be8 43. Bb3 c5 44. Qc4 Ne7 45. Bxc5 Kh7 46. Bb4 Qxc4 47. Bxc4 Nc6 48. Bc3 Nb8 49. Bb5 Bc6 50. Kf2 Kg8 51. Ke3 Kf7 52. Kd3 Ke6 53. Kc4 Kd7 54. Bb4 Kc7 55. Bf8 g6 56. Bxh6 Nd7 57. Bg7 Kd6 58. h4 Ke6 59. g4 Kf7 60. Bh6 Ke6 61. Be3 Kd6 62. h5 gxh5 63. gxh5 Kc7 64. h6 Nf8 65. Bc5 Nh7 66. Be7 Kd7 67. Bc5 Kc7 68. Be3 Kd7 69. Kc5 Kc7 70. Bd2 Bd7 71. Bxd7 Kxd7 72. Kb6 Kc8 73. Bb4 Ng5 74. Be7 Nh7 75. a6 bxa6 76. Kxa6 Kb8 77. Kb6 Ka8 78. Kc6 Ka7 79. Kd6 Ka6 80. Ke6 Ka5 81. Bxf6 Kxa4 82. Bxe5 Kb5 83. Kf7 Ng5+ 84. Kg6 Nxf3 85. Bf6 Nd2 86. h7 Nxe4 87. h8Q Kc4 88. Qg8+ Kd3 89. Qe6 Ke3 90. Bg5+ Kf2 91. Qxe4 Kg3 92. Qf4+ Kg2 93. Qe3 Kh1 94. Qe2 Kg1 95. Kf5 Kh1 96. Kg4 Kg1 97. Kg3 Kh1 98. Qe1# 1-0

[Event "Titled Tuesday intern op 30th Aug Early"]
[Site "Chess.com INT"]
[Date "2022.08.30"]
[Round "6"]
[White "Cnejev, Vladimir Alexandru"]
[Black "Talu, Mircea"]
[Result "0-1"]
[WhiteElo "2165"]
[BlackElo "2343"]
[PlyCount "176"]
[EventDate "2022.08.30"]
[EventType "swiss (blitz)"]
[EventRounds "11"]
[EventCountry "USA"]
[SourceTitle "EXT 2023"]
[Source "ChessBase"]
[SourceDate "2022.10.05"]
[SourceVersion "1"]
[SourceVersionDate "2022.10.05"]
[SourceQuality "1"]

1. e4 c5 2. Nf3 Nc6 3. Bb5 e6 4. Bxc6 bxc6 5. 0-0 Ne7 6. e5 Ng6 7. Re1 f6 8. h4 Qc7 9. h5 Nxe5 10. Nxe5 fxe5 11. h6 g6 12. d3 Be7 13. Qf3 Rf8 14. Qg3 d6 15. Nc3 Bd7 16. a3 Rb8 17. Ne4 Rf5 18. Bg5 Bxg5 19. Nxg5 Qd8 20. Nxh7 Qe7 21. Qxg6+ Qf7 22. Qxf7+ Kxf7 23. g4 Rf4 24. Ng5+ Kg6 25. Ne4 Rxg4+ 26. Kf1 Rxb2 27. Nxd6 Rxc2 28. Rxe5 Rf4 29. Re2 Rxe2 30. Kxe2 Kxh6 31. Rc1 Ra4 32. Rc3 Kg6 33. Ne4 Ra5 34. Nxc5 Bc8 35. d4 Kf6 36. Ke3 e5 37. dxe5+ Kxe5 38. Nd3+ Kd6 39. Kd4 Rd5+ 40. Ke4 Bf5+ 41. Ke3 Bh7 42. Nf4 Re5+ 43. Kd2 c5 44. Nd3 Rd5 45. Ke3 a5 46. Nb2 Kc6 47. a4 Rd4 48. Nc4 Kd5 49. Nxa5 Rxa4 50. Nb3 c4 51. Nd2 Bd3 52. Rxd3+ cxd3 53. Kxd3 Rd4+ 54. Ke3 Ra4 55. Nf3 Ra3+ 56. Kf4 Ra4+ 57. Kg3 Ke6 58. Ng5+ Kf5 59. Nf3 Ra3 60. Kg2 Kf4 61. Nd4 Ra2 62. Nf3 Ra8 63. Ng1 Rg8+ 64. Kf1 Re8 65. Ne2+ Ke4 66. Ng1 Ra8 67. Kg2 Ra2 68. Nh3 Ra6 69. Ng5+ Kf5 70. Nf3 Kf4 71. Ng1 Rb6 72. Ne2+ Kg4 73. Ng3 Rb2 74. Nh1 Rb3 75. Ng3 Rc3 76. Nh1 Rc1 77. Ng3 Rc8 78. Ne2 Rg8 79. Ng3 Kf4 80. Kh2 Kf3 81. Kg1 Rd8 82. Nh1 Rd1+ 83. Kh2 Rf1 84. Ng3 Rxf2+ 85. Kh3 Ra2 86. Nh5 Ra5 87. Ng3 Rg5 88. Nf1 Rh5# 0-1

[Event "Titled Tuesday intern op 30th Aug Late"]
[Site "Chess.com INT"]
[Date "2022.08.30"]
[Round "1"]
[White "Talu, Mircea"]
[Black "Antonio, Jorge Carlos"]
[Result "1-0"]
[WhiteElo "2343"]
[BlackElo "2277"]
[PlyCount "57"]
[EventDate "2022.08.30"]
[EventType "swiss (blitz)"]
[EventRounds "11"]
[EventCountry "USA"]
[SourceTitle "EXT 2023"]
[Source "ChessBase"]
[SourceDate "2022.10.05"]
[SourceVersion "1"]
[SourceVersionDate "2022.10.05"]
[SourceQuality "1"]

1. d4 d5 2. c4 c6 3. Nf3 Nf6 4. Nc3 Bf5 5. cxd5 cxd5 6. Qb3 b6 7. Bg5 e6 8. e4 dxe4 9. Bb5+ Nbd7 10. Ne5 Be7 11. Bxf6 Bxf6 12. Nxd7 Qxd7 13. Bxd7+ Kxd7 14. Rd1 Rhd8 15. 0-0 Ke8 16. d5 exd5 17. Nxd5 Be6 18. Nxf6+ gxf6 19. Qa3 f5 20. g3 h5 21. Qa4+ Ke7 22. Rxd8 Rxd8 23. Rd1 Rg8 24. Qxa7+ Kf6 25. Qxb6 h4 26. Qd4+ Kg6 27. a3 hxg3 28. hxg3 Rh8 29. Qxh8 1-0

[Event "Titled Tuesday intern op 30th Aug Early"]
[Site "Chess.com INT"]
[Date "2022.08.30"]
[Round "9"]
[White "Talu, Mircea"]
[Black "Gholami Orimi, Mahdi"]
[Result "0-1"]
[WhiteElo "2343"]
[BlackElo "2428"]
[PlyCount "96"]
[EventDate "2022.08.30"]
[EventType "swiss (blitz)"]
[EventRounds "11"]
[EventCountry "USA"]
[SourceTitle "EXT 2023"]
[Source "ChessBase"]
[SourceDate "2022.10.05"]
[SourceVersion "1"]
[SourceVersionDate "2022.10.05"]
[SourceQuality "1"]

1. d4 Nf6 2. c4 g6 3. Nc3 d5 4. Nf3 Bg7 5. g3 0-0 6. Bg2 dxc4 7. 0-0 c6 8. Ne5 Ng4 9. Nxg4 Bxg4 10. h3 Bd7 11. e3 Qc8 12. Kh2 Na6 13. Qe2 b5 14. a3 Rb8 15. Rd1 e5 16. dxe5 Bxe5 17. e4 Re8 18. Be3 Qc7 19. f4 Bg7 20. Qf2 Ra8 21. e5 Bf5 22. Rd6 b4 23. Rxc6 Qa5 24. Nd5 Rad8 25. Rxa6 Qxa6 26. Nxb4 Qc8 27. Bxa7 f6 28. exf6 Bxf6 29. Rc1 Qe6 30. g4 Bd3 31. Bb6 Rd6 32. Bc5 Rdd8 33. Bb6 Rd7 34. Bc6 Rd6 35. Bxe8 Rxb6 36. Ba4 Rd6 37. Bd1 Bd4 38. Qg2 Qe3 39. Nxd3 Qxd3 40. Be2 Qe3 41. Bxc4+ Kg7 42. Rf1 Rd7 43. b3 Bc5 44. a4 Rd2 45. f5 Bd6+ 46. Kh1 Rxg2 47. Kxg2 Qg3+ 48. Kh1 Qh2# 0-1

[Event "Miercurea Ciuc GP RO Stage 3"]
[Site "Miercurea Ciuc"]
[Date "2022.08.26"]
[Round "7"]
[White "Kostov, Deyan Samuil"]
[Black "Talu, Mircea"]
[Result "1/2-1/2"]
[WhiteElo "2230"]
[BlackElo "2343"]
[PlyCount "70"]
[EventDate "2022.08.20"]
[EventType "swiss"]
[EventRounds "9"]
[EventCountry "ROU"]
[SourceTitle "CBM 209 Extra"]
[Source "ChessBase"]
[SourceDate "2022.09.30"]
[SourceVersion "1"]
[SourceVersionDate "2022.09.30"]
[SourceQuality "1"]

1. d4 Nf6 2. c4 e6 3. Nc3 Bb4 4. e3 0-0 5. Bd3 d5 6. cxd5 exd5 7. Nge2 Re8 8. 0-0 Bd6 9. Bd2 b6 10. Rc1 c5 11. Nb5 Bf8 12. dxc5 bxc5 13. Bc3 Nbd7 14. Qd2 a6 15. Ba5 Nb6 16. Nbc3 Qd6 17. Ng3 g6 18. Be2 Bb7 19. Bxb6 Qxb6 20. Na4 Qa7 21. Qa5 Rac8 22. Bf3 d4 23. Bxb7 Qxb7 24. Nxc5 Bxc5 25. Rxc5 Rxc5 26. Qxc5 dxe3 27. fxe3 Qxb2 28. Qg5 Re6 29. Nf5 Qe5 30. h4 h5 31. Nh6+ Kg7 32. Nf5+ Kg8 33. Nh6+ Kg7 34. Nf5+ Kg8 35. Nh6+ Kg7 1/2-1/2

[Event "Titled Tuesday intern op 01st Dec"]
[Site "Chess.com INT"]
[Date "2020.12.01"]
[Round "2"]
[White "Talu, Mircea"]
[Black "Cagara, Paulina"]
[Result "1-0"]
[WhiteElo "2386"]
[BlackElo "2027"]
[PlyCount "127"]
[EventDate "2020.12.01"]
[EventType "swiss (blitz)"]
[EventRounds "11"]
[EventCountry "USA"]
[SourceTitle "CBM 199 Extra"]
[Source "ChessBase"]
[SourceDate "2021.01.31"]
[SourceVersion "1"]
[SourceVersionDate "2021.01.31"]
[SourceQuality "1"]

1. d4 f5 2. g3 Nf6 3. Bg2 g6 4. Nf3 Bg7 5. 0-0 0-0 6. b3 d6 7. Bb2 Qe8 8. Nbd2 Nbd7 9. Re1 e5 10. e4 fxe4 11. dxe5 Nxe5 12. Nxe5 dxe5 13. Nxe4 Nxe4 14. Bxe4 Kh8 15. Qe2 Qf7 16. Bg2 c6 17. Bxe5 Bf5 18. Bxg7+ Qxg7 19. c4 Rad8 20. Rad1 Rxd1 21. Rxd1 Qc3 22. Qd2 Qxd2 23. Rxd2 Re8 24. h4 Re1+ 25. Kh2 Ra1 26. Rd8+ Kg7 27. Rb8 Rxa2 28. Rxb7+ Kh6 29. Kg1 Ra1+ 30. Kh2 Ra2 31. f3 Bd3 32. g4 g5 33. hxg5+ Kxg5 34. Kg3 a5 35. f4+ Kg6 36. Bxc6 Rb2 37. f5+ Kf6 38. Kf4 h6 39. Bf3 a4 40. bxa4 Rf2 41. Ke3 Rf1 42. Rb6+ Kg5 43. Rg6+ Kh4 44. Rxh6+ Kg3 45. Kxd3 Rxf3+ 46. Kd4 Kxg4 47. Re6 Kxf5 48. Re5+ Kf6 49. Re3 Rf4+ 50. Kd5 Rf1 51. c5 Ra1 52. Re4 Kf5 53. c6 Rd1+ 54. Rd4 Rc1 55. Rc4 Rd1+ 56. Kc5 Ke6 57. a5 Ra1 58. Re4+ Kf5 59. Rd4 Rxa5+ 60. Kb6 Ra1 61. c7 Rc1 62. Rd5+ Ke6 63. Rd8 Rb1+ 64. Ka5 1-0

[Event "Titled Tuesday intern op 01st Dec"]
[Site "Chess.com INT"]
[Date "2020.12.01"]
[Round "8"]
[White "Talu, Mircea"]
[Black "Stromboli, Ettore"]
[Result "1/2-1/2"]
[WhiteElo "2386"]
[BlackElo "2308"]
[PlyCount "134"]
[EventDate "2020.12.01"]
[EventType "swiss (blitz)"]
[EventRounds "11"]
[EventCountry "USA"]
[SourceTitle "CBM 199 Extra"]
[Source "ChessBase"]
[SourceDate "2021.01.31"]
[SourceVersion "1"]
[SourceVersionDate "2021.01.31"]
[SourceQuality "1"]

1. d4 Nf6 2. c4 e6 3. Nf3 b6 4. a3 Ba6 5. b3 d5 6. cxd5 exd5 7. Nc3 Nbd7 8. g3 Bd6 9. Bg2 0-0 10. 0-0 Re8 11. Re1 Ne4 12. Bb2 Nxc3 13. Bxc3 Nf6 14. Nd2 Qe7 15. e3 Bd3 16. Bb2 h5 17. h4 c6 18. Qc1 Rac8 19. Qc3 Bf5 20. b4 Ng4 21. e4 dxe4 22. Nxe4 Bxe4 23. Rxe4 Qf6 24. Rxe8+ Rxe8 25. Qf3 c5 26. Qxf6 Nxf6 27. dxc5 bxc5 28. Rd1 Be7 29. Re1 cxb4 30. Bxf6 gxf6 31. axb4 Kf8 32. Bc6 Rc8 33. b5 Rc7 34. Ra1 Bc5 35. Bf3 Bb6 36. Ra2 Rc5 37. Rb2 Kg7 38. Kg2 Kg6 39. Bc6 a6 40. Be4+ f5 41. bxa6 fxe4 42. Rxb6+ f6 43. Rb4 Ra5 44. Rxe4 Kf5 45. Rb4 Rxa6 46. Rb5+ Kg6 47. Rb8 Ra7 48. Rg8+ Kh7 49. Rb8 Rd7 50. Rb6 Kg6 51. Rb5 Rd4 52. Rc5 Rb4 53. Ra5 Rc4 54. Kf3 Rc1 55. Kg2 Kh6 56. Kf3 Rg1 57. Kf4 Rg2 58. f3 Kg6 59. g4 hxg4 60. fxg4 Rf2+ 61. Kg3 Rf1 62. h5+ Kh6 63. Ra8 Kg7 64. Re8 Kf7 65. Ra8 Kg7 66. Ra5 Kh6 67. Ra8 Kg7 1/2-1/2

[Event "Titled Tuesday intern op 10th Nov"]
[Site "Chess.com INT"]
[Date "2020.11.10"]
[Round "4"]
[White "Audi, Ameya"]
[Black "Talu, Mircea"]
[Result "0-1"]
[WhiteElo "2378"]
[BlackElo "2386"]
[PlyCount "94"]
[EventDate "2020.11.10"]
[EventType "swiss (blitz)"]
[EventRounds "11"]
[EventCountry "USA"]
[SourceTitle "CBM 199 Extra"]
[Source "ChessBase"]
[SourceDate "2021.01.31"]
[SourceVersion "1"]
[SourceVersionDate "2021.01.31"]
[SourceQuality "1"]

1. d4 Nf6 2. Nf3 e6 3. Bf4 c5 4. e3 b6 5. Nbd2 Bb7 6. Bd3 Be7 7. h3 0-0 8. c3 cxd4 9. exd4 d6 10. 0-0 Nbd7 11. Re1 Qc7 12. a4 a6 13. Bh2 Rfe8 14. Nc4 b5 15. Na3 bxa4 16. Nc4 Bc6 17. Nfd2 Rab8 18. Bc2 Bd5 19. Qe2 Rec8 20. Bd3 Bc6 21. Qe3 Bb5 22. Qg3 Ne8 23. Re3 d5 24. Qg4 Ndf6 25. Qe2 Nd6 26. Nxd6 Bxd6 27. Bxd6 Qxd6 28. Nf3 Bxd3 29. Rxd3 Qc6 30. Ne5 Qb5 31. Rd2 Qxe2 32. Rxe2 Rb6 33. Ra2 Rcb8 34. f3 Kf8 35. Kf2 Ke7 36. Ke3 Nd7 37. Nxd7 Kxd7 38. Kd3 a5 39. Kc2 Rb3 40. Re1 a3 41. bxa3 a4 42. Rc1 Kc6 43. Kd2 Kb5 44. Rcc2 Kc4 45. g4 g5 46. Ke3 h6 47. Kd2 Rb1 0-1